Taylor Swift - Our Song Lyrics - Statistics

General Stats
  • This quiz has been taken 180 times
    104 since last reset
  • The average score is 338 of 370
Answer Stats
Answer % Correct
I
100%
a
98%
an
98%
And
98%
and
98%
car
98%
'Cause
98%
don't
98%
have
98%
have"
98%
He
98%
he
98%
In
98%
is
98%
it
98%
it's
98%
just
98%
know
98%
late
98%
my
98%
of
98%
on
98%
Our
98%
our
98%
phone
98%
real
98%
said
98%
slow
98%
song"
98%
song
98%
talk
98%
the
98%
The
98%
was
98%
way
98%
we
98%
we're
98%
When
98%
when
98%
window
98%
you
98%
your
98%
as
96%
door
96%
got
96%
Got
96%
his
96%
How
96%
if
96%
out
96%
say
96%
again
94%
Askin'
94%
could
94%
didn't
94%
down
94%
front
94%
God
94%
hair
94%
home
94%
play
94%
Play
94%
radio
94%
seat
94%
should
94%
tapping
94%
thinkin'
94%
with
94%
first
92%
her
92%
kiss
92%
mama
92%
"Nothin'
92%
ridin'
92%
screen
92%
shotgun
92%
slamming
92%
turn
92%
undone
92%
amen
90%
for
90%
hand
90%
heart
90%
one
90%
other
90%
Sneakin'
90%
somethin'
90%
wheel
90%
wrong?"
90%
wrong
90%
"Baby
88%
He's
88%
laugh
88%
says
88%
look
86%
something
86%
to
86%
To
86%
date
84%
around
82%
steering
82%
that
82%
That
82%
"Man
80%
'fore
76%
all
74%
good
74%
wrote
74%
every
72%
note
72%
notice
68%
old
68%
pen
68%
roses
68%
almost
66%
napkin
66%
Had
64%
him
64%
listened
64%
porch
64%
along
62%
come
62%
day
62%
feel
62%
oh
62%
Oh
62%
up
62%
album
60%
bed
60%
heard
60%
yeah
60%
been
58%
everything
58%
hallway
58%
I've
58%
trampled
58%
well
58%
After
56%
away
56%
grabbed
56%
lovin'
56%
gone
54%
lost
54%
thrown
54%
steps
52%
walking
52%
Waited
36%
No matching quizzes found
Score Distribution
Percent of People with Each Score
Percentile by Number Answered
Your Score History
You have not taken this quiz since the last reset